000 00689nam a2200229 u 4500
005 20240925064958.0
008 090209s2005 r 000 0 eng d
020 _a9788420545233
035 _aUPN01000168999
049 _aCG
050 4 _aBF318
_bO7.2 2005
100 1 _aOrmrod, Jeanne Ellis
245 1 0 _aAprendizaje humano /
_cJeanne Ellis Ormrod ; tr. Alfonso J. Escudero.
250 _a4a ed.
260 _aMadrid :
_bPearson Educación,
_cc2005.
300 _axvii, 694 p. :
_bil.
440 0 _aPearson educación
534 _pTítulo original:
_tHuman learning
650 4 _aPsicología del aprendizaje
_95221
650 4 _aConducta (Psicología)
_94460
905 _aLibro
999 _c141105
_d141105